[Event "Gausdal Classic"]
[Site "Gausdal"]
[Date "2004.09.27"]
[Round "5"]
[White "Gronn, Atle"]
[Black "Johannessen, Leif Erlend"]
[Result "0-1"]
[WhiteElo "2409"]
[BlackElo "2538"]
[Annotator "Ribli,Z"]
[PlyCount "86"]
[EventDate "2004.09.23"]
[EventType "tourn"]
[EventRounds "9"]
[EventCountry "NOR"]
[EventCategory "10"]
[SourceTitle "CBM 104"]
[Source "ChessBase"]
[SourceDate "2005.01.27"]
[SourceVersion "1"]
[SourceVersionDate "2005.01.27"]
[SourceQuality "1"]

1. Nf3 d5 2. c4 e6 3. g3 Nf6 4. Bg2 Be7 5. O-O O-O 6. d4 Nbd7 7. Qc2 c6 8. Rd1
(8. b3 b6 9. Nc3 Ba6 10. Nd2 Rc8 11. Bb2 b5 12. a4 bxc4 13. bxc4 dxc4 14. Rfd1
Nd5 15. Nf3 Qa5 {0-1 Storland,K-Johannessen,L/Langesund 2001/(22)}) 8... b6 9.
Nbd2 Ba6 10. b3 c5 11. e4 dxc4 {Schwarz beginnt eine sofortige Aktion im
Zentrum. Die scheinbar natürliche Fortsetzung ist 11...Rc8, aber in diesem
Fall bekommt Weiß die Initiative.} (11... Rc8 12. exd5 exd5 13. Nf1 $14) 12. e5
{Dieser Zug kommt zwar mit Tempo, aber stattdessen spielt Weiß gewöhnlich 12.
Nxc4.} (12. bxc4 $6 cxd4 13. e5 Ng4 14. Qe4 h5 $15) (12. Nxc4 cxd4 13. Nxd4 (
13. e5 Nd5 14. Nxd4 (14. Rxd4 Rc8 15. a4 (15. Qe4 $5 b5 (15... Nc5 16. Qe1 $14)
16. Nd6 Nc5 17. Qg4 Bxd6 18. exd6 f5 19. Qh3 Ne4 $13)) 14... Rc8 15. Qb2 $1)
13... Rc8 14. e5 (14. a4 Bxc4 15. bxc4 Qc7 16. Bf1 Bc5 17. Kg2 Rfd8 {1/2-1/2
Schandorff,L-Johannessen,L/Reykjavik ISL 2001/(27)}) 14... Nd5 15. Qb2 $5 Bxc4
16. bxc4 Rxc4 17. Bxd5 exd5 18. Nf5 Rb4 19. Qc2 Rc4 20. Qb2 Rb4 {1/2-1/2 Stohl,
I-Johannessen,L/BL 0304 Neukölln - Wattenscheid 2004 (20)}) 12... Nd5 13. Nxc4
Rc8 {[%cal Gc8c2]} 14. a4 cxd4 15. Rxd4 {Mit Zugumstellung haben wirr die
Variante 12.Nxc4 cxd4 13.e5 Nd5 14.Rxd4 Rc8 15.a4 erhalten.} Qc7 {[%csl Gd5]
[%cal Gc8c2] Schwarz hat eine bequeme Stellung - der d5N steht stark, der e5P
ist immer eine Schwäche (jetzt droht 16...Nxe5 mit Bauerngewinn) in der weißen
Stellung und Schwarz hat die bessere Figurenkoordination.} 16. Rg4 (16. Bb2 Nc5
(16... Nxe5 $4 17. Nfxe5 Qxe5 18. Rg4 $18) 17. Rc1 Qb8 18. Ba3 Rfd8 19. Qb1 Rd7
20. h4 h6 21. h5 b5 22. axb5 Qxb5 23. Nd6 Bxd6 24. exd6 Qa5 25. Qb2 Qb6 26. Rg4
f6 $15 {0-1 Dannevig,O-Johannessen,L/Kristiansund NOR 2001/(32)}) 16... h5 (
16... Nxe5 17. Nfxe5 f5 (17... Qxe5 18. Bb2 $18) 18. Qe2 fxg4 19. Qxg4 $44) 17.
Ng5 (17. Re4 Nc5 $17 {[%csl Rc4][%cal Rc5e4,Rc5b3]}) (17. Rd4 Nxe5 18. Nfxe5
Qxe5 19. Bb2 Qg5 $17) 17... Bxg5 18. Rxg5 Bxc4 19. bxc4 (19. Rxh5 f5 20. bxc4
Qxc4 $15 (20... Nxe5 21. Ba3 $13) (20... Qxc4 21. Qd2 Nc5 22. Rh4 Qc3 23. Qxc3
Nxc3 24. Be3 Nd3 25. a5 Nxe5 26. axb6 axb6 27. Bxb6 Nc4 28. Ba7 Rfd8 {1/2-1/2
Stangl,M-Dizdar,G/Austria 1997/EXT 97 (28)})) 19... Qxc4 $15 {[%csl Gd5][%cal
Gc8c1] Schwarz hat einen Bauern mehr und er kontrolliert die offene c-Linie,
sein d5N steht besonders stark. Weiß hat einige Gegenchancen am Königsflügel.}
20. Qd2 (20. Qxc4 Rxc4 21. Rxh5 Rfc8 $17 (21... Nc5 $17)) 20... Qc2 $1 {
[%mdl 32] Es ist eine gute Idee für Schwarz die Damen zu tauschen. Er bekommt
nun ein vorteilhaftes Endspiel.} (20... g6 21. Rxh5 Qc2 $15 (21... gxh5 22.
Qg5+ $11)) (20... Rfd8 21. Rxh5 Nc3 $15) 21. Rxh5 Qxd2 22. Bxd2 Rc4 {[%csl Gc4,
Gd5][%cal Gf8c8,Gc8c2] Schwarz hat deutlichen positionellen Druck am
Damenflügel.} 23. a5 Rd4 24. Be1 (24. Bg5 bxa5 25. Rxa5 Rd1+ 26. Bf1 Nxe5 $19)
24... b5 25. f4 (25. a6 Nc5 $15) 25... g6 26. Rh3 {[%csl Rh3]} (26. Rh4 a6 $15)
26... a6 27. Bf2 (27. Rc1 $142 $1 $15) 27... Rd2 28. Bxd5 $6 (28. Rc1 $142 $15)
28... Rxd5 29. g4 Rc8 $17 {[%csl Gc8,Gd5][%cal Gc8c1,Gd5d1][%mdl 2048] Die
schwarzen Türme dominieren auf dem Brett, Weiß hat eine schlechte
Figurenkoordination.} 30. Raa3 Rc4 {[%cal Rc4g4]} 31. Rac3 (31. Be3 g5 $19 (
31... b4 $19)) (31. Rhf3 g5 $17) 31... Rxf4 32. Rc8+ Kg7 33. Ra8 (33. Rhh8
Rxg4+ 34. Kf1 Nxe5 $19) 33... Nxe5 $19 {Mit zwei Bauern mehr steht Schwarz auf
Gewinn.} 34. Bg3 Rd1+ 35. Kg2 Rd2+ 36. Kg1 Nf3+ 37. Kf1 Nxh2+ (37... Rc4 $19)
38. Ke1 Nf3+ 39. Kf1 Nh2+ (39... Rc4 $19) 40. Ke1 Nf3+ 41. Kf1 Ra4 42. Be1 Nxe1
43. Kxe1 Rb2 0-1

[Event "Bundesliga 9900"]
[Site "Germany"]
[Date "2000.03.12"]
[Round "12.4"]
[White "Huebner, Robert"]
[Black "Knaak, Rainer"]
[Result "1-0"]
[WhiteElo "2620"]
[BlackElo "2505"]
[Annotator "Ribli,Z"]
[PlyCount "75"]
[EventDate "1999.10.09"]
[EventType "team-tourn"]
[EventRounds "15"]
[EventCountry "GER"]
[SourceTitle "CBM 076"]
[Source "ChessBase"]
[SourceDate "2000.05.31"]
[SourceVersion "1"]
[SourceVersionDate "2000.05.31"]
[SourceQuality "1"]
[WhiteTeam "Solingen"]
[BlackTeam "Werder Bremen"]
[WhiteTeamCountry "GER"]
[BlackTeamCountry "GER"]

1. d4 e6 {Mit Schwarz spielt Großmeister Knaak gerne die Französische
Verteidigung, er hat also keine Angst vor 2.e4.} 2. Nf3 d5 3. g3 Nf6 4. Bg2
Nbd7 5. O-O c6 6. b3 {Die sofortige Ausführung des Zuges c2-c4 wäre sehr
zweifelhaft, Weiß riskiert ihn daher.} (6. c4 $6 dxc4 $13) 6... b6 {Das ist
der übliche Aufbau - aber das System mit Bd6, Qe7 ist auch gut spielbar.} (6...
Bd6 7. c4 O-O 8. Bb2 Qe7) 7. c4 Be7 8. Qc2 O-O 9. Rd1 {Großmeister Hübner ist
ein Spezialist der Katalanischen Eröffnung - nach 9...Ba6 kann er - wie in der
Partie - 10.Nbd2 spielen, während nach 9...Bb7 10.Nc3 die bessere Fortsetzung
ist.} Ba6 10. Nbd2 Rc8 11. e4 Ne8 {Schwarz hält die Spannung im Zentrum
aufrecht und wartet nicht auf 12.e4-e5.} (11... Qc7 12. e5 (12. Bb2 Rfd8 13.
Rac1 Qb8 14. Qb1 Bb7 15. Ng5 h6 16. Nh3 dxe4 17. Nxe4 c5 18. Nxf6+ Nxf6 {
1/2-1/2 Horvath,J-Huss,A/SWZ-ch int 1992/CBM 31 (18)}) 12... Ne8 13. Nf1 Qb8 (
13... h6 14. Bb2 Qb8 15. Rac1 Nc7 16. Ne3 Bb7 17. Ne1 Rfd8 18. Nd3 c5 19. cxd5
Nxd5 20. Nxd5 Bxd5 21. Bxd5 exd5 22. Qe2 {1/2-1/2 Smejkal,J-Hecht,H/Munich
1988/CBM 07 (69)}) (13... Qd8 14. h4 h6 15. Ne3 Nc7 16. Rb1 c5 17. dxc5 Nxc5
18. Nd4 Bb7 19. Qe2 f6 20. cxd5 fxe5 21. Nc6 {1-0 Wirthensohn,H-Huss,A/SWZ-GP
1990/CBM 17 (35)}) 14. Bg5 $1 Bxg5 15. Nxg5 g6 16. cxd5 (16. f4 $1 $16) 16...
cxd5 17. Qd2 Bxf1 $1 18. Bxf1 Qb7 19. Rac1 Ng7 $14 {Petrosian,A-Rotstein,A/
Lviv 1996/Inf 69/[Beliavsky,A] (19)}) (11... Nxe4 12. Nxe4 dxe4 13. Qxe4 b5 14.
Qc2 bxc4 15. bxc4 Qa5 16. Bd2 Bb4 17. Bf4 c5 18. d5 exd5 19. Ng5 Nf6 20. Be5 h6
21. Bxf6 hxg5 22. Bxd5 {1-0 Mikhalevski,V-Kummer,H /Vienna 1998/EXT 2000 (40)})
12. Bb2 {Der Läufer steht nicht immer gut auf b2, z.B. in der Variante mit 11..
.Qc7 ist der beste Plan für Weiß 12.e5 Ne8 und 13.Nf1 mit Aktivität des
Läufers auf der Diagonale c1-h6. Der Unterschied zu unserer Partie ist jedoch,
dass Schwarz hier von selbst Ne8 gespielt hat.} (12. e5 c5 $132) 12... Bb7 (
12... Nc7 13. a3 Bf6 14. Nf1 g6 15. Ne3 Bb7 16. b4 Qe7 17. Re1 dxc4 18. Nxc4
Ne8 19. e5 Bg7 20. Nfd2 Ba6 21. Ne4 {1-0 Sosonko,G-Keogh,E/Amsterdam 1978/MCD 
(30)}) 13. Rac1 Rc7 $5 {Ein guter prophylaktischer Zug. Später - insbesondere
nach c6-c5 - kann Schwarz eventuell Qa8 ziehen .} (13... c5 14. Qb1 $14) 14. h4
(14. Qb1) 14... h6 (14... c5 $5) 15. Nh2 {Weiß öffnet die Diagonale des Bg2
und bereitet das Springermanöver Ng4-Ne3 vor.} dxe4 (15... c5 16. exd5 exd5 17.
Bxd5 Bxd5 18. cxd5 cxd4 19. Qf5 Rxc1 20. Rxc1 Nd6 21. Qf3 $14) 16. Nxe4 c5 (
16... Nef6) 17. d5 $14 {Weiß hat Raumvorteil und bessere Figurenkoordination.}
exd5 18. cxd5 Nd6 {Der Nd6 blockiert gut, aber der positionelle Druck von Weiß
ist spürbar.} 19. Ng4 {[%csl Gb2,Gd5,Gg2,Gg4]} Re8 (19... Nxe4 20. Qxe4 $16 Bd6
$2 21. Nxh6+ $1 $18) 20. Qc3 f6 21. Qd3 {Weiß droht 22.Nxd6 Bxd6 23.Nxh6+ und
nach 23...gxh6 24.Qg6+ zu spielen.} Nf8 22. Nc3 $1 {[%cal Gc3e2,Ge2f4,Gf4e6]
[%mdl 32] Dieser - scheinbar langsame - Zug ist im Wirklichkeit stark. Weiß
bereitet das Springermanöver Ne2-f4 vor, wonach die Schwächung des Feldes e6
deutlich zum Vorschein kommt.} Bc8 $6 (22... c4 23. Qf3 b5 $5) 23. Ne3 Nd7 {
[%cal Gd7e5]} 24. Ne2 Ne5 25. Qd2 $5 (25. Bxe5 fxe5 26. Nc3 $14 {Weiß möchte
den starken Nd6 anschließend mit Ne4 tauschen und auf den weißen Feldern das
Spiel kontrollieren.}) 25... Bf8 26. Nf4 {[%csl Gf4][%cal Gf4e6]} Qe7 27. Re1 {
[%cal Ge1e7]} Qf7 28. Ne6 {Der Ne6 ist unangenehm für Schwarz. Sobald Schwarz
auf e6 nimmt, kommt Weiß stark mit Nd5 oder Bd5.} Rd7 $2 {Ein Fehler in
schwerer Stellung.} (28... Rce7 29. Bxe5 fxe5 30. Ng4 $36) 29. Bxe5 fxe5 30.
Ng4 $16 {[%cal Rg4e5,Re5f7,Re5d7][%mdl 1024]} e4 (30... Nf5 31. Nxf8 (31. Nxe5
$4 Qxe6 $19 {[%cal Gd7d2]}) 31... Qxf8 32. Nxe5 $16) 31. Ne5 {Dieser Zug
gewinnt die Qualität und damit die Partie.} Qf5 32. Nxd7 Bxd7 33. Rcd1 Be7 (
33... Bxe6 34. dxe6 Rxe6 35. Qd5 $16) 34. Qe3 Bxe6 35. dxe6 Rf8 36. Rd2 {
Der weiße Pf2 ist verteidigt, und der schwarze Pe4 ist nicht mehr zu halten.} (
36. Bxe4 $2 Nxe4 37. Qxe4 Qxf2+ 38. Kh1 Qxg3 $132) 36... c4 (36... Qxe6 37.
Bxe4 Nxe4 38. Qxe4 Qxe4 39. Rxe4 Bf6 40. Kg2 $18) 37. Bxe4 $18 {Weiß hat eine
Qualität mehr. Da Schwarz keine Kompensation für das Material hat, gab er auf.}
Qa5 38. Rc2 1-0

[Event "CZE-ch"]
[Site "Karlovy Vary"]
[Date "2004.02.26"]
[Round "10"]
[White "Bernasek, Jan"]
[Black "Polak, Tomas"]
[Result "1/2-1/2"]
[WhiteElo "2381"]
[BlackElo "2490"]
[Annotator "Ribli,Z"]
[PlyCount "156"]
[EventDate "2004.02.17"]
[EventType "tourn"]
[EventRounds "11"]
[EventCountry "CZE"]
[EventCategory "11"]
[SourceTitle "CBM 100"]
[Source "ChessBase"]
[SourceDate "2004.06.01"]
[SourceVersion "1"]
[SourceVersionDate "2004.06.01"]
[SourceQuality "1"]

1. d4 Nf6 2. c4 e6 3. g3 d5 4. Nf3 Be7 5. Bg2 O-O 6. O-O c6 7. Qc2 Nbd7 8. Nbd2
{Statt dieser Fortsetzung spielt Weiß gewöhnlich 8.b3 und nach 8...b6 den
Wartezug 9.Rd1 und im Falle von 9...Ba6 kann er 10.Nbd2 ziehen, während nach 9.
..Bb7 schon 10.Nc3 kommt.} b6 9. Rd1 Bb7 10. e4 Rc8 {Schwarz entwickelt seine
Figuren am Damenflügel und wartet auf den richtigen Moment, um c6-c5
durchzusetzen.} 11. e5 Ne8 12. b3 Qc7 {Dieser Zug ist nicht schlecht, aber
Schwarz konnte schon 12...c5 spielen, mit gleichen Chancen.} (12... c5 13. dxc5
Bxc5 14. Bb2 Qe7 (14... b5 $5) 15. Rac1 Nc7 16. Nb1 Rfd8 17. Qe2 dxc4 18. bxc4
Na6 19. Nc3 Nb4 20. Nb5 Nf8 21. Bd4 Ng6 {0-1 Olarasu,G-Savic,M/Belgrade YUG
2003/(40)}) 13. Bb2 {Diese Läuferentwicklung erscheint logisch, besonders nach
12.b3, aber in der geschlossene Variante gibt es viele Abspiele, wo der weiße
dunkelfarbige Läufer auf der Diagonale c1-h6 stehen muss.} (13. h4 c5 (13...
Qb8 14. h5 c5 15. Qd3 Qa8 16. h6 g6 17. Ba3 Nc7 18. Nf1 Rfd8 19. N1h2 $36 {
1-0 Koster,R-Veltman,J/Groningen 2003/CBM 97 ext (30)}) 14. Ba3 dxc4 15. bxc4
Nb8 16. dxc5 bxc5 17. Rab1 Nc6 18. Ne4 Nb4 19. Qe2 Nxa2 20. Rxb7 Qxb7 21. Nd4
Qa6 22. Nb5 $44 {1-0 Ghorbani,M-Ghane,S/ch-Asian Men, Tehran IRA 1998 (50)})
13... Qb8 14. Rac1 Nc7 15. Qb1 Rfd8 16. h4 h6 $11 {Weiß hat Raumvorteil, aber
in der schwarzen Stellung gibt es keine Schwächen. Im folgenden kann Schwarz
entweder sofort mit c6-c5 oder erst nach dxc4 mit c6-c5 fortsetzen. Ich muss
auch anmerken, dass der b2B wenig aktiv steht.} 17. Nf1 {[%cal Gf1e3,Gf1h2]}
dxc4 (17... c5 $11) 18. Rxc4 (18. bxc4 c5 $15) 18... Nd5 {[%csl Gd5] Der d5N
steht ausgezeichnet und später kann Schwarz c6-c5 ziehen.} (18... c5 $11) 19.
Rcc1 Qa8 {[%cal Ga8g2] Früher oder später zieht Schwarz c6-c5 und in diesem
Fall wird die Batterie a8Q-b7B stark.} 20. N3d2 c5 $15 21. Ne4 b5 {[%cal Gc5c4]
Die schwarze positionelle Drohung ist 22...c4, mit überlegenem Spiel am
Damenflügel.} (21... Nb4 $15) 22. Nfd2 cxd4 23. Bxd4 Nb4 {[%csl Gb4][%cal
Ga8g2][%mdl 2048] Schwarz hat aktives Figurenspiel, während Weiß einige
Problemen mit der Figurenkoordination hat.} 24. Rxc8 Rxc8 25. Nd6 $132 {
Gut, oder schlecht, Weiß muss den Springer nach d6 stellen.} Bxd6 (25... Bxg2
26. Nxc8 Bf8 27. Kh2 $16) 26. Bxb7 Qxb7 27. exd6 {[%csl Gd7] Der d6P steht nur
scheinbar stark - der d7N blockiert den Bauern ausgezeichnet.} Qa6 (27... Qc6
$15) 28. Ne4 f5 $6 (28... Qc6 29. Bxa7 f5 30. Nd2 Ra8 $17) 29. Nc5 Nxc5 30.
Bxc5 $13 Rxc5 $2 (30... Nd5 31. Rxd5 (31. Rc1) 31... exd5 32. Qxf5 Rxc5 33.
Qe6+ Kh8 (33... Kh7 34. Qf5+) 34. Qe8+ Kh7 35. d7 Rc1+ 36. Kg2 b4 37. d8=Q Qf1+
38. Kf3 Rc3+ 39. Kg4 Qd1+ 40. Kf5 Qf3+ 41. Ke6 Qe2+ 42. Kd6 Qa6+ $11) 31. d7
Nc6 32. Rd6 $1 {[%csl Gd6,Gd7][%cal Rd6a6]} (32. d8=Q+ Nxd8 33. Rxd8+ Kh7 $17)
32... Qb6 33. d8=Q+ $2 {Mit diesem Zug gewinnt Weiß die Dame des Gegners, aber
das ist nicht die beste Fortsetzung.} (33. Qe1 $1 $18 {[%cal Re1e6,Re6g8,Re6b6]
}) 33... Qxd8 34. Rxd8+ Nxd8 {[%mdl 4096]} 35. Qd3 $14 {Schwarz hat Turm,
Springer und Bauern gegen der Dame, was ein materielles Gleichgewicht
darstellt, aber in diesem Endspiel ist die Dame stärker, weil die schwarzen
Figuren weniger aktiv sind und es einige Bauernschwächen in der schwarzen
Stellung gibt.} Rd5 36. Qc2 b4 $1 {[%cal Ga7a5] Schwarz möchte seine Stellung
befestigen - im folgenden kommt a7-a5, wonach Schwarz alles auf der fünften
Reihe verteidigen kann.} 37. Qc7 a5 38. Qe7 Kh7 39. h5 $1 {Mit diesem Zug
gewinnt Weiß Raum am Damenflügel.} Rd1+ 40. Kg2 Rd5 41. f4 Rd2+ 42. Kh3 Rd5 43.
Qe8 Rd3 44. Kh4 {[%csl Gh4]} Rd5 45. g4 fxg4 46. Kxg4 Rd4 47. Kf3 Rd3+ 48. Ke2
Rd5 49. Ke3 $22 {Nach diesem Zug befindet sich Schwarz im Zugzwang.} Rf5 $1 50.
Qxd8 (50. Ke4 Rd5 $11) 50... Rxh5 $1 51. Ke4 (51. Qe7 Rf5 $1 52. Qxe6 g6 $11)
51... Rd5 52. Qb6 Rf5 53. Qxe6 g6 $11 {[%csl Gf5][%cal Gf5a5,Gf5h5] Schwarz
hat eine sehr feste Stellung und das Motiv 54.Qxf5 gxf5 55.Kxf5 geht nicht,
weil Scharz in diesem Fall den ernfernten Freibauern auf der h-Linie erhält.
Der f5R steht ausgezeichnet und schneidet den weißen König ab.} 54. Qe7+ Kg8
55. Qd7 Kh8 56. Qc8+ Kg7 57. Qc7+ Kg8 58. Qb8+ Kg7 59. Qa7+ Kh8 60. Qa8+ Kg7
61. Qb7+ Kg8 62. Qc8+ Kg7 63. Qd7+ Kh8 64. Qe8+ Kg7 65. Qe6 Kh7 {In solchen
Stellungen besteht die Gewinnmethode für Weiß darin, den Gegner im Zugzwang zu
stellen. Aber hier geht das nicht, weil der schwarze König immer viele Züge
hat - entweder g7, g8, h7, h8 sind frei.} 66. a3 bxa3 (66... Kg7 $2 67. axb4
axb4 68. Qe7+ $18 {[%cal Re7b4,Re7g7]}) 67. Qe7+ Kg8 68. Qxa3 Kg7 {[%cal Gf5a5]
Schwarz kann das Remis mit Wartezügen halten.} 69. Qe7+ Kg8 70. Qe8+ Kg7 71.
Qd7+ Kg8 72. Qc8+ Kg7 73. Qc7+ Kg8 74. Kd4 Kh8 75. Qe7 Kg8 76. Ke4 Kh8 77. Qe8+
Kg7 78. Qe6 Kh7 1/2-1/2

[Event "RUS-chT 07th"]
[Site "Smolensk"]
[Date "2000.04.19"]
[Round "5"]
[White "Raetsky, Alexander"]
[Black "Filippov, Valerij"]
[Result "0-1"]
[WhiteElo "2428"]
[BlackElo "2584"]
[Annotator "Ribli,Z"]
[PlyCount "52"]
[EventDate "2000.04.15"]
[EventType "team-tourn"]
[EventRounds "11"]
[EventCountry "RUS"]
[SourceTitle "CBM 077"]
[Source "ChessBase"]
[SourceDate "2000.07.27"]
[SourceVersion "1"]
[SourceVersionDate "2000.07.27"]
[SourceQuality "1"]
[WhiteTeam "Voronezh OShK"]
[BlackTeam "Tomsk 400"]
[WhiteTeamCountry "RUS"]
[BlackTeamCountry "RUS"]

1. d4 d5 2. c4 e6 3. Nf3 Nf6 4. g3 c6 {Dieser Zug bedeutet, dass Schwarz die
geschlossene Variante spielen möchte.} 5. Qc2 Nbd7 6. Bg2 Be7 7. O-O O-O 8.
Nbd2 b6 9. e4 Ba6 10. b3 c5 11. exd5 exd5 12. Bb2 Rc8 {[%cal Gc8c2] Das ist
eine aus der Theorie wohlbekannte Stellung, in der es - obwohl es ein
geschlossenes System ist - viele taktische Motive gibt.} 13. Qf5 {Auch dieser
Zug ist aus der Eröffnungstheorie wohlbekannt aber vielleich verdient er nach
dieser Partie ein Fragezeichen. Die Alternativen sind solider, und es scheint,
dass die weiße Dame auf der c-Linie nicht so schlecht steht wie auf h3 (wie in
unserer Partie).} (13. Rfd1) (13. Rad1) 13... g6 {Dieser Zug schwächt den
Königsflügel, aber - das ist wichtiger - die weiße Dame wird auf das passive
Feld h3 vertrieben.} (13... b5 14. cxb5 Bxb5 15. Rfc1 g6 16. Qc2 Ba6 17. Ne5
Bd6 18. Qd1 cxd4 19. Nxd7 Nxd7 20. Rxc8 Bxc8 21. Nf3 Qb6 22. Qxd4 {1-0 Lukov,
V-Popov,P/Sofia 1989/OPN, E09 (64)}) (13... dxc4 14. bxc4 cxd4 15. Nxd4 Qc7 16.
Rfd1 Rfe8 17. Qg5 h6 18. Qh4 Bb7 19. Bxb7 Qxb7 20. Nf5 {1-0 Hegeler,F-Voigt,M/
Hamburg 1993/CBM 35 ext (42)}) 14. Qh3 cxd4 (14... h5 $5 15. Rfe1 cxd4 16. Nxd4
Nc5 17. Nf5 gxf5 18. Rxe7 Qxe7 19. Qh4 Rc6 20. Qg5+ Kh7 21. Qxf5+ Kg7 22. Qg5+
Kh7 23. Qf5+ Kg7 {1/2-1/2 Raetsky,A-Frolov,D/Smolensk RUS 2000/The Week in
Chess 287 (23)}) (14... Rc7 15. dxc5 Nxc5 16. Qh6 Re8 17. Be5 Rd7 18. Bh3 Ne6
19. Rfe1 dxc4 20. Bxe6 fxe6 21. Ne4 Bb7 22. Nfg5 {1-0 Gelfand,B-Sorokin,M/USSR
1986/OPN, E09 (41)}) 15. Nxd4 Nc5 16. Rad1 {[%cal Gd1d8]} (16. Rfd1 $6 {
Durch diesen Turmzug wird das Feld f2 weiter geschwächt.} Nd3 $36) 16... Nd3 $5
$13 {[%mdl 4]} (16... Re8 17. N2f3 Nce4 18. Ne5 Qc7 $2 (18... Bd6 19. Nec6 Qc7
20. f3 Nc5 21. Nf5 $1 Ncd7 $1 22. Nh6+ Kf8 23. cxd5 Bxf1 24. Bxf1 $44) 19. Ne6
$1 Qd6 20. Nxf7 $1 Kxf7 21. Bxe4 Nxe4 22. Rxd5 $1 {1-0 Kochyev,A-Shaposhnikov,
E/St Petersburg 1996/OPN, E09/[Ribli] (41)}) (16... h5 17. N2f3 Nce4 18. Ne5
Qe8 19. Bxe4 dxe4 20. Nf5 $1 gxf5 21. Qxf5 Rc5 22. Qg5+ Kh7 23. Qf5+ Kg8 24. b4
$1 $40 {Razuvaev,Y-Lputian,S/Frunze/1979/1:0/35/}) 17. Ba1 (17. Bc3 $6 Rc5 $36
{[%cal Gc5h5,Gh5h3,Ga6c8,Gc8h3] Der Läufer steht unsicher auf c3.}) 17... Rc5
$5 {[%cal Ga6c8,Gc8h3,Gc5h5,Gh5h3]} 18. f4 $2 {Weiß fürchtet den Damenfang 
(mit 18...Bc8), deshalb bereitet er den Zug 19.f5 vor. Diese Fortsetzung
jedoch schwächt den weißen Königsflügel.} (18. cxd5 Bc8 {[%csl Rh3][%cal Rc8h3]
} 19. Qh6 (19. g4 {[%cal Rh3d3]}) 19... Ng4 20. Nf5 $8 {[%cal Rh6g7,Rg7g8] Es
gibt nichts besseres für Weiß, aber bei beschränkter Bedenkzeit ist es
praktisch unmöglich, alle diese Varianten zu sehen.} Bf6 (20... Nxh6 $4 21.
Nxh6#) 21. Bxf6 Qxf6 22. Ne4 Qxf5 23. Qh4 {Nd3 und Rc5 hängen, zudem droht in
vielen Varianten 24.h3.} Rxd5 24. h3 $13) 18... dxc4 $17 {[%cal Gc5h5,Gh5h3]}
19. Nc6 $6 {Konsequent aber schlecht. Doch auch die Alternative - Damentausch
gegen Turm und Springer - ist wenig reizvoll.} (19. Nxc4 Rh5 20. Qxh5 Nxh5 21.
Rxd3 $17) {[#]} 19... Rxc6 $1 {[%mdl 512] Mit diesem Qualitätsopfer vernichtet
Schwarz die einzige aktive weiße Figur.} 20. Bxc6 Qc7 {[%csl Rg1]} 21. Qg2 (21.
Bg2 c3 {[%cal Rc3d2,Rc3c2,Rc2d1,Rc2c1]} 22. Nc4 (22. Ne4 Nxe4 23. Bxe4 c2 (
23... Re8 $5 24. Bxd3 Bc5+ 25. Kg2 Bb7+ $19) (23... Qc5+ 24. Kg2 (24. Kh1 c2
25. Qh6 Nf2+ 26. Kg2 f6 27. Bd5+ Kh8 $19) 24... Qe3 25. Bf3 c2 26. Qh6 f6 27.
Bd5+ Kh8 $19) 24. Qh6 f6 $19) 22... Bxc4 23. bxc4 Qxc4 $19 {[%csl Gc3,Gc4,Gd3]}
) 21... Bc5+ 22. Kh1 Ng4 $19 {[%csl Yf2,Rh1][%cal Rd3f2,Rf2h1,Rf2d1,Rg4f2]
Schwarz hat nur einen Bauern für die Qualität, steht aber dank seines
überlegenen Figurenspiels auf Gewinn.} 23. h3 {Dieser Zug verliert ebenfalls,
aber es gibt nichts besseres.} (23. Ne4 Qxc6 24. Nf6+ Qxf6 25. Bxf6 Ngf2+ 26.
Rxf2 (26. Kg1 Nxd1+ 27. Kh1 N1f2+ 28. Kg1 Nh3+ 29. Kh1 Ndf2+ $19) 26... Nxf2+
27. Kg1 Nxd1+ 28. Kh1 (28. Kf1 Ne3+ $19 {[%cal Re3f1,Re3g2]}) 28... Nf2+ 29.
Kg1 Ng4+ 30. Kh1 Nxf6 $19) (23. bxc4 Ndf2+ 24. Rxf2 Nxf2+ 25. Kg1 Nxd1+ $19)
23... Ndf2+ 24. Rxf2 Nxf2+ 25. Kh2 Nxd1 {Schwarz hat einen ganzen Turm mehr.}
26. Ne4 c3 0-1